High density intercropping with banana reduces the length of the immature period of rubber and increases latex yield (Record no. 60366)

MARC details
000 -LEADER
fixed length control field 00614nam a2200157Ia 4500
100 ## - MAIN ENTRY--AUTHOR NAME
Personal name Rodrigo V H L
245 #0 - TITLE STATEMENT
Title High density intercropping with banana reduces the length of the immature period of rubber and increases latex yield
260 ## - PUBLICATION, DISTRIBUTION, ETC. (IMPRINT)
Name of publisher Proceedings : Indonesian Rubber Conference and IRRDB symposiun 2000 Indonesian Rubber Research Institute, Bogor, Indonesia, 12-14 September 2000.V.II. pp.490-500.
650 ## - SUBJECT ADDED ENTRY--TOPICAL TERM
Topical Term Intercropping
650 ## - SUBJECT ADDED ENTRY--TOPICAL TERM
Topical Term Latex yield
700 ## - ADDED ENTRY--PERSONAL NAME
Personal name Pathirana P D
700 ## - ADDED ENTRY--PERSONAL NAME
Personal name Silva T U K
700 ## - ADDED ENTRY--PERSONAL NAME
Personal name Stirling C M
942 ## - ADDED ENTRY ELEMENTS (KOHA)
Koha item type Journals
Holdings
Withdrawn status Lost status Damaged status Not for loan Home library Current library Shelving location Date acquired Koha item type
      Journals RRII Library RRII Library Soils and agonomy 01/01/2021 Journals